000 00283nam a22001097a 4500
008 160512b xxu||||| |||| 00| 0 eng d
020 _a0314012397
041 _aeng
080 _a612.39
245 _aUnderstanding nutrition:
_cElanor Noss Whitney; Sharon Rady Rolfes;
942 _2udc
_cBK
999 _c2139
_d2139